<?xml version="1.0" encoding="UTF-8"?>
<record
    xmlns:xsi="http://www.w3.org/2001/XMLSchema-instance"
    xsi:schemaLocation="http://www.loc.gov/MARC21/slim http://www.loc.gov/standards/marcxml/schema/MARC21slim.xsd"
    xmlns="http://www.loc.gov/MARC21/slim">

  <leader>00646nam a22002057a 4500</leader>
  <controlfield tag="001">195623</controlfield>
  <controlfield tag="003">OSt</controlfield>
  <controlfield tag="005">20240712113227.0</controlfield>
  <controlfield tag="008">240712b        |||||||| |||| 00| 0 POR d</controlfield>
  <datafield tag="020" ind1=" " ind2=" ">
    <subfield code="a">9788538090427</subfield>
  </datafield>
  <datafield tag="040" ind1=" " ind2=" ">
    <subfield code="a">Col&#xE9;gio C&#xE2;ndido Portinari</subfield>
    <subfield code="b">Portugu&#xEA;s</subfield>
    <subfield code="c">Col&#xE9;gio C&#xE2;ndido Portinari</subfield>
  </datafield>
  <datafield tag="082" ind1=" " ind2=" ">
    <subfield code="a">028.5</subfield>
  </datafield>
  <datafield tag="100" ind1=" " ind2=" ">
    <subfield code="a">Lobato, Monteiro</subfield>
    <subfield code="e">Author</subfield>
    <subfield code="9">1002</subfield>
  </datafield>
  <datafield tag="245" ind1=" " ind2=" ">
    <subfield code="a">Mem&#xF3;rias da Em&#xED;lia/ Ilustra&#xE7;&#xF5;es de Fendy Silva</subfield>
  </datafield>
  <datafield tag="260" ind1=" " ind2=" ">
    <subfield code="a">Jandira, SP: Ciranda Cultural, 2019.</subfield>
  </datafield>
  <datafield tag="300" ind1=" " ind2=" ">
    <subfield code="a">96p.: il.; 16cm x 23cm.</subfield>
  </datafield>
  <datafield tag="490" ind1=" " ind2=" ">
    <subfield code="a">A turma do s&#xED;tio do Picapau Amarela</subfield>
  </datafield>
  <datafield tag="650" ind1=" " ind2="0">
    <subfield code="a">Literatura infantojuvenil</subfield>
    <subfield code="9">1113</subfield>
  </datafield>
  <datafield tag="942" ind1=" " ind2=" ">
    <subfield code="2">udc</subfield>
    <subfield code="c">BK</subfield>
    <subfield code="n">0</subfield>
  </datafield>
  <datafield tag="952" ind1=" " ind2=" ">
    <subfield code="0">0</subfield>
    <subfield code="1">0</subfield>
    <subfield code="2">udc</subfield>
    <subfield code="4">0</subfield>
    <subfield code="7">0</subfield>
    <subfield code="a">39.1</subfield>
    <subfield code="b">39.1</subfield>
    <subfield code="d">2024-07-12</subfield>
    <subfield code="l">0</subfield>
    <subfield code="o">028.5 L796m</subfield>
    <subfield code="p">12253/CCP</subfield>
    <subfield code="r">2024-07-12 14:32:56</subfield>
    <subfield code="w">2024-07-12</subfield>
    <subfield code="y">BK</subfield>
    <subfield code="u"></subfield>
  </datafield>
  <datafield tag="999" ind1=" " ind2=" ">
    <subfield code="c">195623</subfield>
    <subfield code="d">195623</subfield>
  </datafield>
</record>
